| 000 | 00498nam a2200193 i 4500 | ||
|---|---|---|---|
| 001 | 79598 | ||
| 003 | ES-MaACL | ||
| 007 | t| | ||
| 008 | 041022s1986 mx ||||1| spa d | ||
| 020 | _a84-7605-235-9 | ||
| 100 | 1 |
_aHerrera, Emilio. _963186 |
|
| 245 | 1 | 0 |
_aBioquímica / _cEmilio Herrera. |
| 250 | _a[1ª ed.]. | ||
| 260 |
_aMéxico : _bInteramericana, _c1986. |
||
| 300 |
_aXVI, 1244 p. ; _c26 cm. |
||
| 500 | _aIndice. | ||
| 504 | _aBibliografía. | ||
| 852 |
_aES-MaACL _jL-8778 _bR.110612 |
||
| 999 |
_c79598 _d79598 |
||